[Event "Astana Zhuldyzdary op-A"]
[Site "Astana"]
[Date "2023.07.15"]
[Round "7"]
[White "Tokbayev, Anuar"]
[Black "Abdilkhair, Abilmansur"]
[Result "1/2-1/2"]
[WhiteElo "1809"]
[BlackElo "2248"]
[PlyCount "120"]
[EventDate "2023.07.11"]
[EventType "swiss"]
[EventRounds "10"]
[EventCountry "KAZ"]
[SourceTitle "CBM 215 Extra"]
[Source "ChessBase"]
[SourceDate "2023.09.30"]
[SourceVersion "1"]
[SourceVersionDate "2023.09.30"]
[SourceQuality "1"]

1. d4 d5 2. c4 dxc4 3. Nf3 Nf6 4. g3 e6 5. Bg2 Be7 6. 0-0 0-0 7. Qc2 a6 8. a4 b5 9. axb5 Bb7 10. Nc3 axb5 11. Rxa8 Bxa8 12. Nxb5 c5 13. Qxc4 Bd5 14. Qd3 Qb6 15. Nc3 Bxf3 16. dxc5 Bxe2 17. Qxe2 Qxc5 18. Be3 Qe5 19. Bf4 Qxe2 20. Nxe2 Nbd7 21. Nc3 e5 22. Bg5 Rb8 23. Rb1 Bc5 24. Bxf6 Nxf6 25. Ne4 Nxe4 26. Bxe4 g6 27. Kg2 Kg7 28. g4 Kf6 29. h4 Rb4 30. f3 Rd4 31. Rc1 Rd2+ 32. Kh3 Be3 33. Rc2 Rd4 34. Kg2 Kg7 35. b3 Bf4 36. Rc7 Rd2+ 37. Kg1 Bg3 38. h5 Rd4 39. Kg2 Bh4 40. Rb7 Be1 41. Kf1 Bb4 42. Ke2 Kf6 43. hxg6 hxg6 44. g5+ Kg7 45. Bd5 Be7 46. Rxe7 Rxd5 47. Ke3 Rb5 48. Ke4 Rb4+ 49. Kxe5 Rxb3 50. Kf4 Rb1 51. Ra7 Rb6 52. Kg4 Kf8 53. f4 Rd6 54. Rb7 Ke8 55. Ra7 Rd7 56. Rxd7 Kxd7 57. Kf3 Kd6 58. Ke4 Ke6 59. f5+ Kd6 60. fxg6 fxg6 1/2-1/2

[Event "Astana Zhuldyzdary op-A"]
[Site "Astana"]
[Date "2023.07.12"]
[Round "3"]
[White "Tokbayev, Anuar"]
[Black "Rakhimzhan, Alen"]
[Result "0-1"]
[WhiteElo "1809"]
[BlackElo "2154"]
[PlyCount "68"]
[EventDate "2023.07.11"]
[EventType "swiss"]
[EventRounds "10"]
[EventCountry "KAZ"]
[SourceTitle "CBM 215 Extra"]
[Source "ChessBase"]
[SourceDate "2023.09.30"]
[SourceVersion "1"]
[SourceVersionDate "2023.09.30"]
[SourceQuality "1"]

1. d4 d5 2. c4 e6 3. Nf3 Nf6 4. g3 Be7 5. Bg2 0-0 6. 0-0 c6 7. Nc3 b6 8. b3 Ba6 9. Nd2 Nbd7 10. Bb2 b5 11. e4 bxc4 12. e5 Ne8 13. bxc4 Nb6 14. Re1 Nxc4 15. Nxc4 Bxc4 16. f4 Rb8 17. Qc2 c5 18. Na4 cxd4 19. Bxd4 Qa5 20. Kh1 Nc7 21. Nb2 Nb5 22. Bg1 Na3 23. Qf2 Ba6 24. Rac1 d4 25. Be4 Bb7 26. Nd3 Rfd8 27. Qf3 Bxe4 28. Qxe4 Nb5 29. f5 Nc3 30. Qf3 exf5 31. e6 f6 32. Nf4 g5 33. Ng2 g4 34. Qf4 Rb2 0-1

[Event "Ismagambetov Memorial 1st"]
[Site "Chess.com INT"]
[Date "2020.06.26"]
[Round "3"]
[White "Aitbayev, Aslan"]
[Black "Tokbayev, Anuar"]
[Result "0-1"]
[WhiteElo "2457"]
[BlackElo "1552"]
[PlyCount "88"]
[EventDate "2020.06.26"]
[EventType "swiss (blitz)"]
[EventRounds "11"]
[EventCountry "KAZ"]
[SourceTitle "CBM 197 Extra"]
[Source "ChessBase"]
[SourceDate "2020.09.30"]
[SourceVersion "1"]
[SourceVersionDate "2020.09.30"]
[SourceQuality "1"]

1. e4 e6 2. d4 d5 3. Nd2 Nc6 4. Ngf3 Nf6 5. e5 Nd7 6. Be2 f6 7. exf6 Qxf6 8. Nf1 Bd6 9. Ne3 Qf7 10. 0-0 0-0 11. c4 Nf6 12. c5 Be7 13. Bb5 Nd7 14. Ng4 h5 15. Ne3 a6 16. Bxc6 bxc6 17. g3 Qxf3 18. Qc2 e5 19. Qd1 exd4 20. Qxf3 Rxf3 21. Nc2 Bxc5 22. Ne1 Rf8 23. f4 Nf6 24. Nd3 Bb6 25. Kg2 Bf5 26. Ne5 Be4+ 27. Kh3 c5 28. b3 Rae8 29. Ba3 Bf5+ 30. Kg2 Ng4 31. Nxg4 Bxg4 32. Rae1 Re3 33. Bc1 Re4 34. h3 Bd7 35. Bd2 Rfe8 36. Rxe4 dxe4 37. f5 e3 38. Be1 Bc6+ 39. Kh2 d3 40. Bc3 d2 41. f6 gxf6 42. Rxf6 d1Q 43. Rg6+ Kh7 44. Rg7+ Kh6 0-1

[Event "Ismagambetov Memorial 1st"]
[Site "Chess.com INT"]
[Date "2020.06.26"]
[Round "9"]
[White "Ibrayev, Nurlan"]
[Black "Tokbayev, Anuar"]
[Result "1-0"]
[WhiteElo "2395"]
[BlackElo "1552"]
[PlyCount "69"]
[EventDate "2020.06.26"]
[EventType "swiss (blitz)"]
[EventRounds "11"]
[EventCountry "KAZ"]
[SourceTitle "CBM 197 Extra"]
[Source "ChessBase"]
[SourceDate "2020.09.30"]
[SourceVersion "1"]
[SourceVersionDate "2020.09.30"]
[SourceQuality "1"]

1. d4 e6 2. Nf3 Nf6 3. c4 d5 4. Nc3 Be7 5. Bf4 0-0 6. e3 b6 7. Rc1 Bb7 8. h3 Nbd7 9. cxd5 exd5 10. Be2 c5 11. 0-0 Rc8 12. Nb5 a6 13. Nd6 Bxd6 14. Bxd6 Re8 15. dxc5 Nxc5 16. Be5 Qe7 17. Bd4 Qd6 18. Nh4 g6 19. Nf3 Nfe4 20. Rc2 f5 21. Qc1 Ne6 22. Be5 Qf8 23. Rd1 g5 24. Nd4 Nxd4 25. Bxd4 b5 26. Rc7 Rxc7 27. Qxc7 Qe7 28. Rc1 Kf7 29. Qb6 Bc8 30. Bh5+ Kf8 31. Bxe8 Qxe8 32. Qh6+ Ke7 33. Qxh7+ Kd6 34. Qc7+ Ke6 35. Qxc8+ 1-0